00400nam a2200133 a 450000100100000000500170001000800410002704000250006804100080009310000180010124500570011926000440017650000460022000003515020200930074134.0111025s1959 fr 000 0 fre d aDO-SdBNPbspacBNPHU17afre1 aMeynaud, Jean10aIntroduction a la science politique /cJean Meynaud. aParis :bLibrairie Armand Colin,c1959. aLIBRO MUTILADO. SOLO TIENE 62 PAG. DE 320